000 00280nam a22001097a 4500
008 170111b xxu||||| |||| 00| 0 eng d
020 _a9780801632488
041 _aeng
080 _a618.2
245 _aPAIN/ CLINICAL MANUAL FOR NURSING PRACTICE
_cMCCAFFERY & BEEBE
942 _2udc
_cBK
999 _c2730
_d2730